Loading...
Pooppanthal
| Hovedforfatter: | |
|---|---|
| Format: | Printed Book |
| Sprog: | Malayalam |
| Udgivet: |
Kozhikode Poorna
Kozhikode Poorna
1988
|
| LEADER | 00443nam a2200121Ia 4500 | ||
|---|---|---|---|
| 008 | 111205s9999 xx 000 0 mal d | ||
| 100 | |a Mallikayoonis | ||
| 245 | |a Pooppanthal |c Mallikayoonis | ||
| 260 | |b Kozhikode Poorna |a Kozhikode Poorna |c 1988 | ||
| 300 | |a 216 | ||
| 942 | |c BK | ||
| 999 | |c 213832 |d 213832 | ||
| 952 | |0 0 |1 0 |2 ddc |4 0 |6 853_000000000000000_4M1_POO |7 0 |9 236460 |a MAL |b MAL |c ST1 |d 2011-12-05 |g 25.00 |l 0 |o 853.4M1 POO |p MAL22652 |r 2011-12-05 |v 25.00 |w 2011-12-05 |y BK | ||